El Ateneo de Madrid : (Record no. 17784)

MARC details
000 -LEADER
campo de control de longitud fija 01017nam a2200253 i 4500
001 - NÚMERO DE CONTROL
campo de control 17784
003 - IDENTIFICADOR DE NÚMERO DE CONTROL
campo de control ES-MaACL
005 - FECHA Y HORA DE LA ÚLTIMA TRANSACCIÓN
campo de control 20250719063307.0
007 - CAMPO FIJO DE DESCRIPCIÓN FÍSICA--INFORMACIÓN GENERAL
campo de control de longitud fija t|
008 - DATOS DE LONGITUD FIJA--INFORMACIÓN GENERAL
campo de control de longitud fija 010525s1878 sp ||||1| spa d
080 ## - NÚMERO DE LA CLASIFICACIÓN DECIMAL UNIVERSAL
Número de la Clasificación Decimal Universal 061.21(460.27)Ateneo(091)
100 1# - ENTRADA PRINCIPAL--NOMBRE DE PERSONA
Nombre de persona Labra, Rafael M. de,
Fechas asociadas al nombre 1840-1918
Término indicativo de función/relación Autor
9 (RLIN) 69273
245 13 - MENCIÓN DEL TÍTULO
Título El Ateneo de Madrid :
Resto del título sus orígenes : desenvolvimiento, representación y porvenir /
Mención de responsabilidad, etc. por Rafael María de Labra.
260 ## - PUBLICACIÓN, DISTRIBUCIÓN, ETC.
Lugar de publicación, distribución, etc. Madrid :
Nombre del editor, distribuidor, etc. [s.n.],
Fecha de publicación, distribución, etc. 1878
Fabricante (Aurelio J. Alaria)
300 ## - DESCRIPCIÓN FÍSICA
Extensión VII, 214 páginas ;
Dimensiones 19 cm.
530 ## - NOTA DISPONIBLE DE FORMULARIO FÍSICO ADICIONAL
Nota de formato físico adicional disponible Disponible en formato digital
610 24 - PUNTO DE ACCESO ADICIONAL DE MATERIA--NOMBRE DE ENTIDAD CORPORATIVA
Nombre de entidad corporativa o nombre de jurisdicción como elemento de entrada Ateneo de Madrid-
Subdivisión de forma Historia
9 (RLIN) 1925
610 2# - PUNTO DE ACCESO ADICIONAL DE MATERIA--NOMBRE DE ENTIDAD CORPORATIVA
Nombre de entidad corporativa o nombre de jurisdicción como elemento de entrada Ateneo de Madrid-
Subdivisión de forma Obras digitalizadas.
9 (RLIN) 1930
852 ## - LOCALIZACIÓN
Ubicación ES-MaACL
Ubicación en estantería Sala Pecera Planta 2
Donativo/Legado Donativo autor, sello
Número de control de estantería F-11895
856 4# - LOCALIZACIÓN Y ACCESO ELECTRÓNICOS
Identificador Uniforme de Recursos <a href="http://www.ateneodemadrid.com/biblioteca_digital/libros/Libro-00008.pdf">http://www.ateneodemadrid.com/biblioteca_digital/libros/Libro-00008.pdf</a>
Texto de enlace Versión en línea
Nota pública (Colección digital del Ateneo de Madrid)
942 ## - ELEMENTOS DE ENTRADA SECUNDARIOS (KOHA)
Fuente del sistema de clasificación o colocación Clasificación decimal universal
Tipo de ítem Koha Libro impreso antiguo
Suprimir en OPAC No
Holdings
Estatus retirado Estado de pérdida Fuente del sistema de clasificación o colocación Estado de daño No para préstamo Colección Biblioteca de origen Biblioteca actual Ubicación en estantería Fecha de adquisición Fuente de adquisición Número de control de estantería Total de préstamos Signatura topográfica completa Código de barras Visto por última vez Tipo de ítem Koha
    Clasificación decimal universal     Fondo Ateneo de Madrid Biblioteca del Ateneo de Madrid Biblioteca del Ateneo de Madrid Sala Pecera Planta 2 17/01/2008 Donación 1   F-11895 1018159 23/02/2023 Libro impreso antiguo